Enlace de los ferro-carriles en Barcelona / Junta de Propietarios de la Izquierda del Ensanche
Descripción Física:
16 p. ; 22 cm
Materias:
Ferrocarrils -- Barcelona
MARC
| LEADER | 00000nam a2200000Ia 4500 | ||
|---|---|---|---|
| 001 | 10966 | ||
| 003 | BGR | ||
| 005 | 20260410113657.0 | ||
| 008 | 160829s1881 xx 000 0 cat d | ||
| 080 | |a RF-7-53 | ||
| 245 | |a Enlace de los ferro-carriles en Barcelona / Junta de Propietarios de la Izquierda del Ensanche | ||
| 260 | |a Barcelona : |b (Imp. Barcelonesa), |c 1881 | ||
| 300 | |a 16 p. ; |c 22 cm | ||
| 650 | |a Ferrocarrils |x Barcelona |9 47122 | ||
| 710 | 2 | |a Junta de Propietarios de la Izquierda del Ensanche |9 71276 | |
| 856 | 4 | |u https://media.diba.cat/diba/fitxers/arxiu/fulletons/bib_10966_1881_baixa.pdf |y Accés lliure | |
| 856 | 4 | |u https://media.diba.cat/diba/fitxers/arxiu/fulletons/bib_10966_1881_baixa.pdf |y Accés lliure | |
| 900 | |a bib_10966_1881_baixa.pdf | ||
| 901 | |a Arxiu | ||
| 942 | |n 1 |2 udc |c MON | ||
| 952 | |0 0 |1 0 |4 0 |6 RF753 |7 1 |9 48271 |a Arxiu |b Arxiu |d 2016-12-01 |l 0 |o RF-7-53 |p 10966 |r 2016-12-01 00:00:00 |w 2016-12-01 |y ARXIU | ||
| 999 | |c 52077 |d 52077 | ||